000 nam a22 a 4500
999 _c148247
_d148247
003 BLK
005 20230202135956.0
008 180410b bul|||||r ||||||| ||bul||
010 _aKNG00154469000
020 _a954-8060-07-8
040 _aBLK
041 _aBUL
_cBUL
080 _aРумънска литература
_b821.135.1
_x-93-34
_z821.135.1-93-34
100 1 _aСадовяну, Михаил
_eпърви автор
_9118425
139 _aСадовяну, Михаил
_bС 13
245 1 0 _aПрез мигли
_bПриказки и разкази за деца и юноши
_cМихаил Садовяну; прев. от рум. Михаела Пенева; прев. от рум. Саркис Мъгъшиян.
257 _aROM
260 _aШумен
_bЕТД Шуменско пиво
_bСлавчо Николов и сие
_c1991
_fСофия : Д. Блогоев
300 _a80 с.
_c20 см
380 _aDX
500 _aБез сведение за ориг. загл. - 5 000 тир.
700 1 _aПенева, Михаела
_eпрев. от рум.
_9329926
700 1 _aМъгъшиян, Саркис
_eпрев. от рум.
_999887
852 _aЦб 265730
856 4 _qpdf
_i7.50
_ldisable
856 4 _qpdf
_i7.50
_ldisable
942 _cKNG
_n0
_s1
944 _aCR
_c06.12.2013
_l06.12.2013 - от С1,Р / 06.12.2013
_kМитко_Георгиев
944 _aED
_c06.12.2013
_l06.12.2013 - от С1,Р / 06.12.2013
999 _d148247